Logo biblioteca
Santa Fe 2917, Rosario, Santa Fe
Lu-Vi 8 a 19.45
+54-341-4232362
bibliotecaeudoro@gmail.com
Facebook Biblioteca Pedagógica
Sitio web
Vista normal Vista MARC
  • Solari, C.

Entrada Nombre personal

Número de registros utilizados en: 4

001 - NÚMERO DE CONTROL

  • campo de control: 30067

003 - IDENTIFICADOR DEL NÚMERO DE CONTROL

  • campo de control: AR-RoBPED

005 - FECHA Y HORA DE LA ÚLTIMA TRANSACCIÓN

  • campo de control: 20251211175007.0

008 - DATOS DE LONGITUD FIJA

  • campo de control de longitud fija: 250806|| acz||aabn | a|a d

040 ## - FUENTE DE LA CATALOGACIÓN

  • Centro catalogador/agencia de origen: AR-RoBPED

100 1# - ENCABEZAMIENTO-NOMBRE DE PERSONA

  • Nombre de persona: Solari, C.

400 ## - TRAZADO DE VÉASE--NOMBRE DE PERSONA

  • Nombre de persona: Solari, Constantino.

670 ## - FUENTE DE DATOS ENCONTRADOS

  • Cita de la fuente: Boletín de Educación. Santa Fe : Consejo General de Educación, 1898-1968. Año 13, N° 157 (jun. 1901)